000 00608nam a2200181Ia 4500
008 151018s9999 xx 000 0 und d
082 _bRBASDV47214
_a891.463
100 _aबाळ गाडगीळ
245 _aक्षण एक पुरे प्रेमाचा
250 _b1
260 _bमधुराज
_c2008
300 _a96
600 _aबाळ गाडगीळ
630 _aक्षण एक पुरे प्रेमाचा
700 _aबाळ गाडगीळ
730 _aक्षण एक पुरे प्रेमाचा
942 _cBOOK
999 _c1046361
_d1046358